Powiaty województwa krakowskiego i m. w. Kraków w 1968 roku na mapie - Statystyki

Ogólne statystyki
  • Ten quiz został rozwiązany 35 razy
    17 od ostatniego zresetowania
  • Średni wynik to 20 z 21
Odpowiedzi na mapie
Odpowiedzi zakodowano w zielono-czerwonej skali na mapie do tego quizu, zgodnie z poniższymi procentami.
 
Statystyki odpowiedzi
Powiat % Poprawnych
bocheński
100%
brzeski
100%
chrzanowski
100%
krakowski
100%
limanowski
100%
Miasto {Kraków}
100%
Miasto {Tarnów}
100%
Miasto {Zakopane}
100%
miechowski
100%
nowotarski
100%
oświęcimski
100%
suski
100%
tarnowski
100%
wadowicki
100%
myślenicki
94%
nowosądecki
94%
olkuski
94%
proszowicki
94%
żywiecki
94%
dąbrowski
88%
Miasto {Jaworzno}
88%
Nie znaleziono quizów pasujących do podanych kryteriów
Rozkład punktacji
Procent ludzi z każdym wynikiem
Percentyl według liczby udzielonych odpowiedzi
Twoja historia wyników
Nie rozwiązałeś tego quizu od ostatniego zresetowania